000 00528nam a2200181 i 4500
001 19679
003 ES-MaACL
005 20230906152139.0
007 t|
008 021008s1959 sp ||||1| spa d
100 1 _aAberdam, H.,
_918096
245 1 0 _aRadiotecnia y televisión /
_cH. Aberdam ; [traducción... por Luis Ibáñez].
260 _aBarcelona :
_bOmega,
_c[1959]
300 _aXLVIII, 443 p. :
_bil. ;
_c16 cm.
700 1 _aIbáñez, Luis.
_964909
852 _aES-MaACL
_jF-451
_bR.47520
999 _c19679
_d19679